| 000 | 00657nam a2200217Ia 4500 | ||
|---|---|---|---|
| 003 | GCL | ||
| 008 | 140319s9999 xx 000 0 ara d | ||
| 020 | _a8135119977 | ||
| 040 |
_aGCL / _cGCL |
||
| 082 | 0 | 4 |
_a813.01 _bف ن |
| 100 | 1 | _aفاروق عبدالقادر | |
| 245 | 1 | 0 |
_aنفق معتم ومصابيح قليله / _cفاروق عبدالقادر |
| 250 | _aالاولى | ||
| 260 |
_aالقاهرة : _bالمركز المصرى العربى ، _c1996 |
||
| 300 |
_a480 ص ؛ _c21 سم |
||
| 490 |
_aكتاب _v0 |
||
| 650 | 0 | 4 | _aالادب العربى |
| 650 | 0 | 4 | _aالقصص العربية |
| 650 | 0 | 4 | _aالقصص |
| 942 |
_2ddc _cBK |
||
| 999 |
_c42905 _d42905 |
||